000 00842nam a2200253Ia 4500
003 OSt
005 20220930063543.0
006 a|||||r|||| 00| 0
007 ta
008 220926b |||||||| |||| 00| 0 eng d
024 _a2996
037 _cTheses
040 _aCRL
_cCRL
_beng
041 _2eng
_aeng
100 _aArti
_9523146
110 _aUniversity of Delhi. Faculty of Medical Sciences. Department of Paediatrics
245 0 _aSociodemographic profile of habit disorders in children between 3_6 years of age and their correlation with intelligence
260 _c1989
650 _aCHILDREN - DISEASES
700 _a Dr R K Puri Supervisor
_9523147
700 _aUniversity of Delhi. Faculty of Medical Sciences. Department of Paediatrics
942 _cDIS
_2CC
999 _c857002
_d857002